[Event "IND-ch U11 Girls"]
[Site "Sivagangai Tamilnadu"]
[Date "2018.07.29"]
[Round "2.5"]
[White "Anishka, Vikram"]
[Black "Anagha, KGR"]
[Result "1/2-1/2"]
[WhiteElo "1423"]
[BlackElo "1150"]
[PlyCount "156"]
[EventDate "2018.07.28"]
[EventType "swiss"]
[EventRounds "11"]
[EventCountry "IND"]
[SourceTitle "EXT 2024"]
[Source "ChessBase"]
[SourceDate "2023.10.10"]
[SourceVersion "1"]
[SourceVersionDate "2023.10.10"]
[SourceQuality "1"]

1. d4 Nf6 2. c4 e6 3. Nc3 Be7 4. Nf3 0-0 5. e4 d6 6. Be2 Nbd7 7. 0-0 e5 8. d5 Nc5 9. Nd2 Nfd7 10. b4 Na6 11. Ba3 Bg5 12. Nb3 Be7 13. Na4 b6 14. Qc2 Rb8 15. Rab1 f6 16. Nb2 Rf7 17. Nd3 Qf8 18. Bg4 f5 19. Bxf5 Rf6 20. b5 Nac5 21. Nbxc5 Nxc5 22. Nxc5 bxc5 23. Bxc8 Qxc8 24. Bb2 Rf8 25. Qa4 Ra8 26. Bc3 Qd7 27. Qa6 Bg5 28. Qc6 Qe7 29. Qa6 Bf4 30. Qa4 Rf6 31. Qd1 Rg6 32. Bd2 Qg5 33. g3 Bxd2 34. Kh1 Bc3 35. Qa4 Qd8 36. Qb3 Bd4 37. Qf3 Rf6 38. Qg2 Qf8 39. f3 Qe7 40. Qc2 Qd7 41. g4 Be3 42. Qa4 Rff8 43. Qc2 Bf4 44. Rb3 Qe7 45. Ra3 Rf6 46. Ra6 Rh6 47. Rf2 Qf6 48. a4 Bg3 49. g5 Qxg5 50. Rg2 Qf4 51. Qe2 Bh4 52. a5 Qf8 53. Rg1 Rf6 54. Rf1 Rf4 55. Qg2 Rf7 56. Qg4 Bf6 57. Rg1 Kh8 58. Rg3 Qe8 59. Qh5 Rf8 60. Qg4 Qc8 61. Qh5 Qe8 62. Qh3 Qc8 63. Qg2 Qd8 64. Rh3 h6 65. Rg3 Qe8 66. Rc6 Qd8 67. Ra6 Qe8 68. Kg1 Qc8 69. Rc6 Qd8 70. Ra6 Qe8 71. Kh1 Qc8 72. Rh3 Qe8 73. Rg3 Qc8 74. Qb2 Qd8 75. Qc3 Qc8 76. Qb2 Qd8 77. Rc6 Bh4 78. Rh3 Bf6 1/2-1/2